000 00185nam a2200085Ia 4500
008 120527s9999 xx 000 0 und d
100 _aCole Don
245 _aEconomics 93/94
942 _cBK
999 _c27251
_d27251